000 00462nam a2200181Ia 4500
001 9483
005 20260306161721.0
008 260306t2009||||xx |||||||||||||| ||spa||
041 _aESP
082 _a379.158
_bI35A
100 _aIglesias Cortizas, María José
_eAUT
245 0 _aDiagnostíco escolar:
_bteorías, ámbitos y técnicas
260 _c2009
300 _a296 páginas :
_c24 cm.
650 _aGEN
654 _aCED
942 _cLIB
_dJUS
_fJUS
_2ddc
_n
999 _c9483
_d9483